大阪府の駅名一覧 - Statistics

General Stats
  • This quiz has been taken 153 times
    140 since last reset
  • The average score is 195 of 448
Answer Stats
Answer % Correct
HK-01 | HS-01 大阪梅田
93%
HK-03 十三
86%
M16 梅田
85%
KH-01 | M17 淀屋橋
84%
KH-04 | N22 京橋
84%
M20 | S16 | Y15 なんば
84%
A-01 | HS-41 大阪難波
82%
HK-02 | M15 中津
82%
HK-72 高槻市
81%
NK-11
81%
A-03 | D-03 大阪上本町
80%
A-04 | D-04 | S19 鶴橋
80%
HK-69 茨木市
80%
HK-59 箕面
78%
NK-01 難波
77%
HS-03 野田
76%
A-05 | D-05 | I21 | S20 今里
74%
M30 なかもず
74%
Y11 西梅田
74%
T12 守口
74%
C10 | P09 コスモスクエア
74%
HK-63 淡路
73%
HK-89 吹田
73%
HK-95 北千里
73%
HS-48
73%
73%
M13 新大阪
73%
K19 | M22 動物園前
73%
M23 | T27 天王寺
73%
HK-71 富田
72%
C14 | HS-44 九条
72%
KH-03 | T22 天満橋
72%
M19 | N15 心斎橋
72%
A-06 | D-06 布施
70%
HS-02 福島
70%
KH-21 枚方市
70%
K20 | NK-05 天下茶屋
70%
K11 | T18 天神橋筋六丁目
70%
T20 東梅田
70%
N18 | T24 谷町六丁目
70%
KH-11 守口市
69%
24 | KH-13 門真市
69%
NK-03 新今宮
69%
15 | M08 千里中央
69%
C16 | M18 | Y13 本町
69%
S18 | T25 谷町九丁目
69%
A-02 近鉄日本橋
68%
HK-46 豊中
68%
HS-45 西九条
68%
KH-17 寝屋川市
68%
M14 西中島南方
68%
C18 | T23 谷町四丁目
68%
HK-41 三国
66%
NK-32 関西空港
66%
23 | T11 大日
66%
M06 箕面萱野
66%
F-01 大阪阿部野橋
65%
NK-69 | O-23 河内長野
65%
HS-43 ドーム前
65%
C13 弁天町
65%
NK-09 住之江
64%
A-16 石切
62%
HK-64 上新庄
62%
HK-66 正雀
62%
19 | HK-68 南茨木
62%
16 | HK-94 山田
62%
11 大阪空港
62%
M27 あびこ
62%
T36 八尾南
62%
C19 | N20 森ノ宮
62%
N11 大正
62%
HK-48 石橋阪大前
61%
HK-61 南方
61%
K14 | KH-02 北浜
61%
21 摂津
61%
M11 江坂
61%
P18 | Y21 住之江公園
61%
S11 野田阪神
61%
C-23 | C23 長田
59%
12 | HK-47 蛍池
59%
HK-49 池田
59%
HK-74 水無瀬
59%
HK-91 関大前
59%
HK-93 南千里
59%
NK-30 泉佐野
59%
M21 | Y16 大国町
59%
K17 | S17 日本橋
59%
C17 | K15 堺筋本町
59%
O-18 富田林
58%
HS-42 | S15 桜川
58%
KH-54 中之島
58%
T26 四天王寺前夕陽ヶ丘
58%
T33 喜連瓜破
58%
C11 大阪港
58%
F-13 藤井寺
57%
HK-67 摂津市
57%
HK-88 下新庄
57%
KH-05 野江
57%
KH-24 樟葉
57%
NK-24 岸和田
57%
NK-26 貝塚
57%
NK-59 | SB-01 中百舌鳥
57%
17 万博記念公園
57%
A-12 東花園
55%
HK-87 柴島
55%
C-26 新石切
54%
D-11 近鉄八尾
54%
F-16 | O-16 古市
54%
HK-70 総持寺
54%
KH-65 交野市
54%
NK-31 りんくうタウン
54%
N26 鶴見緑地
54%
KH-08 千林
53%
KH-20 枚方公園
53%
M10 緑地公園
53%
M26 長居
53%
Y14 四ツ橋
53%
S24 南巽
53%
A-07 河内永和
51%
O-20 川西
51%
HK-04 神崎川
51%
HK-62 崇禅寺
51%
HK-73 上牧
51%
KH-06 関目
51%
HN-02 | T28 阿倍野
51%
M07 箕面船場阪大前
51%
M12 東三国
51%
M29 新金岡
51%
K13 | T21 南森町
51%
HK-45 岡町
50%
KH-67 私市
50%
NK-20 泉大津
50%
M09 桃山台
50%
Y18 岸里
50%
K16 | N16 長堀橋
50%
N21 大阪ビジネスパーク
50%
N27 門真南
50%
HK-42 庄内
49%
NK-56 堺東
49%
C15 | S13 阿波座
49%
N12 ドーム前千代崎
49%
D-07 俊徳道
47%
F-10 河内松原
47%
F-15 | N-15 道明寺
47%
N-17 柏原
47%
HK-44 曽根
47%
HK-65 相川
47%
NS-14 妙見口
47%
54 彩都西
47%
Y12 肥後橋
47%
S23 北巽
47%
NK-02 今宮戎
46%
NK-16 羽衣
46%
SB-06 和泉中央
46%
C12 朝潮橋
46%
A-08 河内小阪
45%
HS-04 淀川
45%
NK-06 岸里玉出
45%
Y19 玉出
45%
I14 | T13 太子橋今市
45%
T16 野江内代
45%
T32 平野
45%
N19 玉造
45%
I18 | N23 蒲生四丁目
45%
HK-43 服部天神
43%
HK-58 牧落
43%
NK-17 高石
43%
NK-41 みさき公園
43%
NK-57 三国ヶ丘
43%
HN-10 住吉
43%
M24 昭和町
43%
M25 西田辺
43%
C22 高井田
43%
K12 扇町
43%
D-08 長瀬
42%
D-12 | J-12 河内山本
42%
HK-57 桜井
42%
KH-09 滝井
42%
KH-18 香里園
42%
NK-06-5 汐見橋
42%
HN-51 | K18 恵美須町
42%
I11 井高野
42%
A-13 瓢箪山
41%
D-13 高安
41%
D-18 河内国分
41%
D-19 大阪教育大前
41%
F-02 河堀口
41%
HK-90 豊津
41%
KH-10 土居
41%
NK-66 金剛
41%
M28 北花田
41%
T19 中崎町
41%
J-14 信貴山口
39%
HK-92 千里山
39%
HS-47 伝法
39%
KH-16 萱島
39%
T29 文の里
39%
KH-53 渡辺橋
38%
Y20 北加賀屋
38%
T15 関目高殿
38%
A-09 八戸ノ里
36%
A-14 枚岡
36%
A-15 額田
36%
C-24 荒本
36%
N-16 柏原南口
36%
O-19 富田林西口
36%
KH-23 牧野
36%
NK-65 大阪狭山市
36%
水間観音
36%
52 阪大病院前
36%
T17 都島
36%
T30 田辺
36%
I17 関目成育
36%
I19 鴫野
36%
D-10 久宝寺口
35%
F-07 河内天美
35%
NS-13 ときわ台
35%
HS-49 出来島
35%
KH-07 森小路
35%
KH-12 西三荘
35%
KH-52 大江橋
35%
NK-04 萩ノ茶屋
35%
NK-06-3 木津川
35%
NK-08 住吉大社
35%
NK-15 浜寺公園
35%
N13 | S14 西長堀
35%
S22 小路
35%
T14 千林大宮
35%
P12 ポートタウン西
35%
P13 ポートタウン東
35%
P14 フェリーターミナル
35%
A-11 河内花園
34%
F-06 矢田
34%
KH-19 光善寺
34%
KH-51 なにわ橋
34%
HN-01 天王寺駅前
34%
C20 | I20 緑橋
34%
P11 中ふ頭
34%
A-10 若江岩田
32%
D-09 弥刀
32%
F-05 針中野
32%
KH-66 河内森
32%
NK-16-2 高師浜
32%
SB-04 栂・美木多
32%
N17 松屋町
32%
I13 だいどう豊里
32%
P10 トレードセンター前
32%
P17 平林
32%
KH-14 古川橋
31%
NK-67 滝谷
31%
13 柴原阪大前
31%
22 南摂津
31%
T31 駒川中野
31%
N25 横堤
31%
I12 瑞光四丁目
31%
P16 南港口
31%
C-25 吉田
30%
F-03 北田辺
30%
F-18 上ノ太子
30%
O-21 滝谷不動
30%
HS-46 千鳥橋
30%
NK-63 北野田
30%
SB-05 光明池
30%
18 宇野辺
30%
51 公園東口
30%
Y17 花園町
30%
T34 出戸
30%
D-14 恩智
28%
F-14 土師ノ里
28%
NS-12 光風台
28%
HS-05 姫島
28%
KH-15 大和田
28%
KH-22 御殿山
28%
20 沢良宜
28%
T35 長原
28%
C21 深江橋
28%
P15 南港東
28%
D-17 安堂
27%
F-08 布忍
27%
O-22 汐ノ宮
27%
HS-06 千船
27%
NK-06-4 芦原町
27%
NK-21 忠岡
27%
NK-41-3 多奈川
27%
NK-51 帝塚山
27%
NK-64 狭山
27%
N14 西大橋
27%
N24 今福鶴見
27%
NK-16-1 伽羅橋
26%
NK-42 孝子
26%
NK-58 百舌鳥八幡
26%
HN-52 新今宮駅前
26%
S12 玉川
26%
J-13 服部川
24%
NK-22 春木
24%
SB-02 深井
24%
SB-03 泉ヶ丘
24%
I15 清水
24%
D-15 法善寺
23%
F-04 今川
23%
F-17 駒ヶ谷
23%
O-17 貴志
23%
NK-12
23%
NK-25 蛸地蔵
23%
NK-27 二色浜
23%
NK-68 千代田
23%
14 少路
23%
S21 新深江
23%
I16 新森古市
23%
D-16 堅下
22%
F-11 恵我ノ荘
22%
KH-61 宮之阪
22%
NK-06-1 西天下茶屋
22%
NK-06-2 津守
22%
NK-41-2 深日港
22%
NK-52 住吉東
22%
NK-54 我孫子前
22%
HN-15 我孫子道
22%
F-09 高見ノ里
20%
F-12 高鷲
20%
KH-64 郡津
20%
NK-10 七道
20%
NK-36 樽井
20%
NK-55 浅香山
20%
NK-60 白鷺
20%
NK-61 初芝
20%
NK-62 萩原天神
20%
NK-70 三日市町
20%
NK-71 美加の台
20%
KH-62 星ヶ丘
19%
NK-07 粉浜
19%
NK-73 天見
19%
HN-31 浜寺駅前
19%
53 豊川
19%
KH-63 村野
18%
NK-13 石津川
18%
NK-33 羽倉崎
18%
NK-37 尾崎
18%
NK-41-1 深日町
18%
NK-72 千早口
18%
HN-28 石津
18%
NK-23 和泉大宮
16%
NK-39 箱作
16%
貝塚市役所
16%
NK-14 諏訪ノ森
15%
NK-38 鳥取ノ荘
15%
NK-40 淡輪
15%
NK-53 沢ノ町
15%
NK-18 北助松
14%
NK-19 松ノ浜
14%
HN-04 東天下茶屋
14%
NK-34 吉見ノ里
12%
NK-35 岡田浦
12%
HN-07 帝塚山三丁目
12%
HN-12 住吉鳥居前
12%
近義の里
12%
NK-28 鶴原
11%
HN-16 大和川
11%
HN-56 北天下茶屋
11%
石才
11%
清児
11%
NK-29 井原里
9%
HN-08 帝塚山四丁目
9%
HN-58 天神ノ森
9%
三ケ山口
9%
HN-03 松虫
8%
HN-27 石津北
8%
HN-53 今池
8%
HN-61 東粉浜
8%
三ツ松
8%
HN-05 北畠
7%
HN-06 姫松
7%
HN-09 神ノ木
7%
HN-17 高須神社
7%
HN-21 花田口
7%
HN-22 大小路
7%
HN-23 宿院
7%
HN-26 東湊
7%
HN-54 今船
7%
HN-57 聖天坂
7%
HN-59 東玉出
7%
HN-60 塚西
7%
名越
7%
HN-13 細井川
5%
HN-14 安立町
5%
HN-18 綾ノ町
5%
HN-19 神明町
5%
HN-20 妙国寺前
5%
HN-24 寺地町
5%
HN-25 御陵前
5%
HN-29 船尾
5%
HN-55 松田町
5%
No matching quizzes found
Score Distribution
Percent of People with Each Score
Percentile by Number Answered
Your Score History
You have not taken this quiz since the last reset